| 000 | 00412nam a22001577a 4500 | ||
|---|---|---|---|
| 003 | OSt | ||
| 008 | 240409b |||||||| |||| 00| 0 eng d | ||
| 020 | _a9789392798054 | ||
| 100 | _aNAYAK,Snehasis | ||
| 245 | _aCovid-19 Pandemic and Socio-Psychological Vulnerabilities in India | ||
| 250 | _a1st Ed | ||
| 260 |
_aNew Delhi _bSSDN Pub _c2023 |
||
| 300 | _a141 | ||
| 700 | _aTHAPA,Smrutisikta | ||
| 942 |
_2ddc _cREF |
||
| 999 |
_c12420 _d12420 |
||